000 00576cam a22002053a 4500
001 43749
003 PGUSA
005 20140828084008.0
008 130916s2013||||xxu|||||s|||||000 | eng d
040 _aPGUSA
_beng
042 _adc
100 1 _aMacGrath, Harold,
_d1871-1932
245 1 4 _aThe Carpet from Bagdad
_h[electronic resource] /
_cHarold MacGrath
260 _bProject Gutenberg,
_c2013
506 _aPublic domain in the USA.
516 _aElectronic text
830 0 _aProject Gutenberg
_v43749
856 4 0 _uhttp://www.gutenberg.org/ebooks/43749
942 _cEB
999 _c273000
_d273000